The Sound Of Music Extreme Quiz - Statistics

General Stats
  • This quiz has been taken 447 times
  • The average score is 7 of 11
Answer Stats
Hint Answer % Correct
How old is Liesl? 16
98%
How many children does Captain Von Trapp have? 7
97%
What was Maria's life's work before she went on to be a governess for the Von Trapps? She was a nun
92%
What does Maria teach the children to do? Sing
92%
What German dictator is taking control of Austria during the time Sound of Music was made? Adolf Hitler
89%
Complete the lyric: "Do, a ___, a _____ ____ Deer, Female Deer
83%
Complete the lyric: "How do you hold a _____ in your hand?" Moonbeam
72%
Where does Maria and the Von Trapps hide from the Nazis? The Abbey
52%
Who played Maria in Sound of Music: Live? (2013 version) Carrie Underwood
26%
What is Captain Von Trap the captain of? A submarine
5%
What is the national flower of Austria that "always looks happy to greet" Captain Von Trapp? Edelweiss
4%
No matching quizzes found
Score Distribution
Percent of People with Each Score
Percentile by Number Answered
Your Score History
You have not taken this quiz